000 00730nam a2200241Ia 4500
003 OSt
005 20221005083611.0
006 a|||||r|||| 00| 0
007 ta
008 221004b |||||||| |||| 00| 0 eng d
020 _a9780670087013 (hbk)
_c499
024 _a13139
037 _b337, 21/03/2014, Standard Book House
_cTextual
040 _aCRL
_cCRL
_beng
041 _2eng
_aeng
082 _aU8.2, Q3
100 _aPerur Srinath
_9612685
245 0 _aIf its monday it must be Madurai
_b Conducted tour of India
260 _aNew Delhi
_bViking India
_c2013
300 _a284p.
_ccm.
942 _hU8.2, Q3
_cTEXL
_2cc
999 _c991257
_d991257